عرض عادي
عرض مارك
- Urologic Diseases
مدخل مصطلح موضوعي
001 - رقم الضبط
- حقل الضبط: 11364
003 - معرف رقم الضبط
- حقل الضبط: OSt
005 - تاريخ ووقت أخر عملية
- حقل الضبط: 20120418044618.0
008 - عناصر بيانات ثابتة الطول
- حقل تحكم ثابت الطول: 120418|||a|||||| | ||| d
040 ## - مصدر الفهرسة
- هيئة الفهرسة الأصلية: OSt
- وكالة الكتابة: OSt
150 ## - مدخل-- مصطلح تاريخي
- عنصر مدخل المصطلح الموضوعي او الاسم الجغرافي: Urologic Diseases
- تفريع عام: ultrasonography.
670 ## - بيانات المصدر موجوده
- الاستشهاد بالمصدر: Work cat.: (OSt)23960: Ultrasonography in urology :, c2008.
